| 000 | 00983nas a2200313 4500 | ||
|---|---|---|---|
| 001 | BR0204667 | ||
| 003 | BR-BrBNA | ||
| 005 | 20231205103236.0 | ||
| 007 | ta | ||
| 008 | 230509b bl.|||p| |||| 00| 00por d | ||
| 040 |
_aBR-BrBNA _bpor _cBiblioteca Nacional de Agricultura |
||
| 041 | _a(Pt) | ||
| 072 | _aF70; K10 | ||
| 100 | 1 | _aLonghi, S.J. | |
| 100 | 1 | _aNascimento, A.R.T. | |
| 100 | 1 | _aFleig, F.D. | |
| 100 | 1 | _aDella-Flora, J.B. | |
| 100 | 1 | _aFreitas, R.A. de | |
| 100 | 1 | _aCharão, L.W. | |
| 245 | 1 | _aComposição florística e estruturada da comunidade arbórea de um fragmento florestal no município de Santa Maria-Brasil | |
| 650 | _aFLORESTA | ||
| 650 | _aCOMPOSIÇÃO BOTÂNICA | ||
| 650 | _aTAXONOMIA VEGETAL | ||
| 650 | _aPOVOAMENTO FLORESTAL | ||
| 650 | _aRIO GRANDE DO SUL | ||
| 773 | 0 |
_tCiência Florestal (Brazil) _xISSN 0103-9954 _g(Jun 1999), v. 9(1) p. 115-133 _wBR0204667 |
|
| 909 |
_a202311 _bLúcia _c55 _dLúcia Elande |
||
| 942 |
_2AGRIS _n0 _cANA |
||
| 999 |
_c171845 _d171845 |
||